000 00903nam a22003137a 4500
003 CHAP
005 20220329135617.0
008 971013s1912 r 00010 d
010 _a39269
011 _a40241
035 _a44366
040 _cCHAP
090 _aFolleto 6125
110 _aEstación Agrícola Experimental. Cd. Juárez, Chih.
_938212
245 _aPlantas de hortalizas
250 _a2 ed.
260 _aMéxico, D. F. :
_bLa Estación,
_c1912
300 _a31 p.
490 _aBoletín
_v; 18
590 _aBATCH-UPD
_b10
_c20130110
_lUCH01
_h1703
590 _aBATCH-UPD
_b10
_c20130410
_lUCH01
_h1050
590 _aBATCH-UPD
_b10
_c20130914
_lUCH01
_h0650
590 _aCONVERSION
_b10
_c20130109
_lUCH01
_h1322
650 1 4 _aLegumbres.
_965680
830 0 _aBoletín
_v; 18
_913507
901 _aBK
942 _cFOLL
949 _aFolleto 6125
_bBC
_cBPP
_d-101676
_eBPP
_i44366
_mD
_si
999 _c39269
_d39269